000 00303nam a22001337a 4500
008 171227b xxu||||| |||| 00| 0 eng d
020 _a9780811835138
041 _aeng
080 _a612.39
100 _a10
101 _aNUT
245 _aA GUIDE TO DAILY PRACTICE
_cLEE,C
942 _2udc
_cBK
999 _c39503
_d39503